00755 2200217 4500001002100000005001700021008004100038035002400079082001100103090002200114100002200136245015400158260002800312300003200340500008300372500002600455650002600481850000900507985000600516999001500522YOGYA-0209000007251620090227093629.0 ind  0010-020900000072516 a362.12 a362.12bFab PlSK aFABRIS, Yudayanti aPeranan posyandu dalam peningkatan gizi balita di Kelurahan Gunungketur Kecamatan Pakualaman Kotamadya Yogyakarta Propinsi DIYcoleh Yudayanti Fabris aYogyakartab[s.n]c1993 axi,79[10]lembarbilusc30cm aLaporan tugas akhir Sekolah Tinggi Pembangunan Masyarakat Desa APMD Yogyakarta aBibliografi:Lembar 79 aPos Pelayanan Terpadu aBPAD a1 a08A0036458